SIGGRAPH '89 conference proceedings : (Запис № 548817)

МАРК-запис
000 -LEADER
fixed length control field 01775cam a2200361Mi 4500
001 - CONTROL NUMBER
control field siggraph89confer00lane
003 - CONTROL NUMBER IDENTIFIER
control field CaSfIA
005 - DATE AND TIME OF LATEST TRANSACTION
control field 20210119082218.0
007 - PHYSICAL DESCRIPTION FIXED FIELD--GENERAL INFORMATION
fixed length control field cr||||
008 - FIXED-LENGTH DATA ELEMENTS--GENERAL INFORMATION
fixed length control field 980721s1989 nyu 000 0 eng d
040 ## - CATALOGING SOURCE
Original cataloging agency GyGoGBV
Description conventions rakwb
Language of cataloging ger
Transcribing agency GBVCP
Modifying agency CaSfIA
020 ## - INTERNATIONAL STANDARD BOOK NUMBER
International Standard Book Number 0201504340 ((Addison-Wesley))
020 ## - INTERNATIONAL STANDARD BOOK NUMBER
International Standard Book Number 9780201504347 ((Addison-Wesley))
020 ## - INTERNATIONAL STANDARD BOOK NUMBER
International Standard Book Number 0897913124 ((ACM))
020 ## - INTERNATIONAL STANDARD BOOK NUMBER
International Standard Book Number 9780897913126 ((ACM))
035 ## - SYSTEM CONTROL NUMBER
System control number (OCoLC)245732276
084 ## - OTHER CLASSIFICATION NUMBER
Classification number 54.73 ; Computergraphik
Source of number bcc
029 1# - (OCLC)
OCLC library identifier DEBBG
System control number BV004290156
029 1# - (OCLC)
OCLC library identifier CHVBK
System control number 118303279
245 00 - TITLE STATEMENT
Title SIGGRAPH '89 conference proceedings :
Medium [electronic resource]
Remainder of title 31 July - 4 August, Boston, Massachusetts /
Statement of responsibility, etc sponsored by the Association for Computing Machinery's Special Interest Group on Computer Graphics. Papers chair Jeffrey Lane.
246 3# - VARYING FORM OF TITLE
Title proper/short title Computer graphics
260 ## - PUBLICATION, DISTRIBUTION, ETC. (IMPRINT)
Place of publication, distribution, etc New York :
Name of publisher, distributor, etc ACM Press [u.a.],
Date of publication, distribution, etc 1989.
300 ## - PHYSICAL DESCRIPTION
Extent 408 S :
Other physical details Ill., graph. Darst.
440 #0 - SERIES STATEMENT/ADDED ENTRY--TITLE
Title Computer graphics ;
Volume number/sequential designation 23,3
500 ## - GENERAL NOTE
General note Literaturangaben.
506 ## - RESTRICTIONS ON ACCESS NOTE
Standardized terminology for access restriction Необхідна авторизація на https://archive.org/ (створення облікового запису безкоштовно)
506 ## - RESTRICTIONS ON ACCESS NOTE
Standardized terminology for access restriction Необхідна авторизація на https://openlibrary.org/ (створення облікового запису безкоштовно)
700 1# - ADDED ENTRY--PERSONAL NAME
Personal name Lane, Jeffrey.
711 2# - ADDED ENTRY--MEETING NAME
Meeting name or jurisdiction name as entry element Annual ACM Conference on Computer Graphics and Interactive Techniques (SIGGRAPH)
Number of part/section/meeting (16 :
Date of meeting 1989.07.31-08.04 :
Location of meeting Boston, Mass.)
856 41 - ELECTRONIC LOCATION AND ACCESS
Uniform Resource Identifier <a href="http://www.archive.org/details/siggraph89confer00lane">http://www.archive.org/details/siggraph89confer00lane</a>
Public note Free eBook from the Internet Archive
856 42 - ELECTRONIC LOCATION AND ACCESS
Uniform Resource Identifier <a href="http://www.openlibrary.org/books/OL24385726M">http://www.openlibrary.org/books/OL24385726M</a>
Public note Additional information and access via Open Library
942 ## - ADDED ENTRY ELEMENTS (KOHA)
Koha item type ЕКнига

Немає доступних примірників.